LEADER 01189nam2-2200349---450- 001 990003268260203316 005 20090610150537.0 035 $a000326826 035 $aUSA01000326826 035 $a(ALEPH)000326826USA01 035 $a000326826 100 $a20090610d1989----km-y0itay50------ba 101 $aeng 102 $aUS 105 $a||||||||001yy 200 1 $aStructure formation in polymer solutions$e22nd europhysics conference on macromolecular physics$eLeuven, september 25-27, 1989 210 $as.l.$cEuropean physical society$dcopyr. 1989 215 $aVII, 91 p.$cill.$d21 cm 225 2 $aEurophysics conference abstracts$v13 f 410 0$1001000326711$12001$aEurophysics conference abstracts$v13 f 454 1$12001 606 0 $aPolimeri$xCongressi$yLeuven$z1989 676 $a541.34 710 12$aEurophysics conference on macromolecular physics$d<22.;$f1989;$eLeuven>$0604792 801 0$aIT$bsalbc$gISBD 912 $a990003268260203316 951 $a530 ECA 13 (F)$bS.M.$c530$d00222869 959 $aBK 969 $aSCI 979 $aRSIAV7$b90$c20090610$lUSA01$h1505 996 $aStructure formation in polymer solutions$91119200 997 $aUNISA LEADER 01417nam 2200397 n 450 001 996384211903316 005 20221108005722.0 035 $a(CKB)1000000000584306 035 $a(EEBO)2240909431 035 $a(UnM)99122404100971 035 $a(EXLCZ)991000000000584306 100 $a19880720d1642 uh 101 0 $aeng 135 $aurbn||||a|bb| 200 10$aBy the King$b[electronic resource] $eA proclamation proclaimedin [sic] London the ninth of Iune 210 $a[London $cs.n.$d1642] 215 $a1 sheet ([1] p.) 300 $aImprint from Wing. 300 $a"Given at our court at Yorke the 27 day of May, 1642.". 300 $aFilmed copy at UMI Tracts Supplement reel C25:2(105.f.17[12]) is trimmed affecting text. 300 $aReproduction of original in the British Library. 330 $aeebo-0018 606 $aPrerogative, Royal$zEngland$vEarly works to 1800 607 $aHull (England)$xHistory$y17th century 607 $aGreat Britain$xHistory$yCivil War, 1642-1649$vEarly works to 1800 607 $aGreat Britain$xPolitics and government$y1600-1649$vEarly works to 1800 615 0$aPrerogative, Royal 701 $aCharles$cKing of England,$f1600-1649.$0793295 801 0$bCu-RivES 801 1$bCu-RivES 801 2$bCStRLIN 801 2$bCu-RivES 906 $aBOOK 912 $a996384211903316 996 $aBy the King$92297757 997 $aUNISA